order of letters on a keyboard in 15 seconds - Statistics

General Stats
  • This quiz has been taken 287 times
  • The average score is 23 of 26
Answer Stats
Answer % Correct
e
97%
q
96%
a
94%
r
94%
w
94%
i
92%
t
92%
u
92%
d
90%
o
89%
y
89%
b
88%
c
88%
f
87%
g
86%
h
86%
p
86%
s
86%
j
84%
k
82%
l
82%
n
80%
v
80%
z
79%
m
77%
x
77%
No matching quizzes found
Score Distribution
Percent of People with Each Score
Percentile by Number Answered
Your Score History
You have not taken this quiz